Statistics for NFL Week 2 QB Rankings

Click here to take the quiz!

General Stats

  • This quiz has been taken 28 times
  • The average score is 30 of 32

Answer Stats

Answer% Correct
20.NODerek Carr
100%
1. PHIJalen Hurts
100%
11.DETJared Goff
100%
7.CINJoe Burrow
100%
18.GBJordan Love
100%
2. BUFJosh Allen
100%
8.CHIJustin Fields
100%
17.MINKirk Cousins
100%
3.KCPatrick Mahomes
100%
19.DENRussell Wilson
100%
5. JACTrevor Lawrence
100%
32.NYJZach Wilson
100%
22.TBBaker Mayfield
96%
15.SFBrock Purdy
96%
16.DALDak Prescott
96%
12.NYGDaniel Jones
96%
13.CLEDeshaun Watson
96%
4.LACJustin Herbert
96%
6.BALLamar Jackson
96%
21.NEMac Jones
96%
10.MIATua Tagovailoa
96%
14.SEAGeno Smith
92%
26.PITKenny Pickett
92%
23.LARMatthew Stafford
92%
24.WASSam Howell
92%
9.INDAnthony Richardson
88%
28.HOUC.J. Stroud
88%
27.LVJimmy Garoppolo
88%
31.ARIJoshua Dobbs
88%
25.TENRyan Tannehill
88%
29.CARBryce Young
85%
30.ATLDesmond Ridder
81%

Score Distribution

Percentile by Number Answered

Percent of People with Each Score

Your Score History

You have not taken this quiz